Zdobywcy złotych piłek 2000-2024 - Statystyki

Ogólne statystyki
  • Ten quiz został rozwiązany 136 razy
  • Średni wynik to 18 z 24
Statystyki odpowiedzi
Rok Odpowiedź % Poprawnych
2009 Lionel Messi
90%
2010 Lionel Messi
90%
2011 Lionel Messi
90%
2012 Lionel Messi
90%
2015 Lionel Messi
90%
2019 Lionel Messi
90%
2021 Lionel Messi
90%
2023 Lionel Messi
90%
2008 Cristiano Ronaldo
87%
2013 Cristiano Ronaldo
87%
2014 Cristiano Ronaldo
87%
2016 Cristiano Ronaldo
87%
2017 Cristiano Ronaldo
87%
2024 Rodri
86%
2002 Ronaldo
82%
2018 Luka Modrić
78%
2022 Karim Benzema
76%
2007 Kaka
72%
2005 Ronaldinho
66%
2006 Fabio Cannavaro
35%
2000 Luis Figo
35%
2003 Pavel Nedved
31%
2001 Michael Owen
27%
2004 Andrij Szewczenko
25%
Nie znaleziono quizów pasujących do podanych kryteriów
Rozkład punktacji
Procent ludzi z każdym wynikiem
Percentyl według liczby udzielonych odpowiedzi
Twoja historia wyników
Nie rozwiązałeś tego quizu